| 000 | 00620nam a2200253Ia 4500 | ||
|---|---|---|---|
| 003 | OSt | ||
| 005 | 20221005125554.0 | ||
| 006 | a|||||r|||| 00| 0 | ||
| 007 | ta | ||
| 008 | 221004b |||||||| |||| 00| 0 tam d | ||
| 024 | _a51212 | ||
| 037 | _cTextual | ||
| 040 |
_aCRL _cCRL _btam |
||
| 041 |
_2tam _atam |
||
| 082 | _aP:(R292), 31M1 | ||
| 100 |
_aPillai Nadarasa Au. _9636843 |
||
| 245 | 0 | _aPilai aivoo | |
| 260 | _c1981 | ||
| 650 | _a PHILOSOPHY | ||
| 650 | _a TRUTH | ||
| 650 | _aLINGUISTICS | ||
| 942 |
_hP:(R292), 31M1 _cTEXL _2cc |
||
| 999 |
_c1054394 _d1054394 |
||